Score 0/31 Timer 05:00
0 Plays Today
% Correct
Bull Terrier
80.9%
Scottish Terrier
78.9%
Bedlington Terrier
72.2%
Airedale Terrier
71.6%
West Highland White Terrier
71.6%
Skye Terrier
65.9%
Smooth Fox Terrier
63.2%
Miniature Bull Terrier
62.9%
Kerry Blue Terrier
62.5%
Manchester Terrier
62.5%
Parson Russell Terrier
61.5%
Australian Terrier
61.2%
Border Terrier
61.2%
Cairn Terrier
59.9%
Norwich Terrier
59.9%
Norfolk Terrier
58.9%
% Correct
American Staffordshire Terrier
57.9%
Miniature Schnauzer
57.9%
Irish Terrier
56.9%
Rat Terrier
56.9%
Dandie Dinmont Terrier
56.5%
Wire Fox Terrier
56.5%
American Hairless Terrier
54.6%
Welsh Terrier
54.5%
Staffordshire Bull Terrier
54.2%
Soft Coated Wheaten Terrier
52.8%
Russell Terrier
51.2%
Sealyham Terrier
50.2%
Lakeland Terrier
49.2%
Cesky Terrier
43.1%
Glen of Imaal Terrier
35.8%
Remove Ads.
Support Sporcle.
Get the best of Sporcle when you Go Orange. This ad-free experience offers more features, more stats, and more fun while also helping to support Sporcle. Thank you for becoming a member.

You're not logged in!

Compare scores with friends on all Sporcle quizzes.
OR
Log In

Show Comments

Extras

Top Quizzes Today


Score Distribution

Your Account Isn't Verified!

In order to create a playlist on Sporcle, you need to verify the email address you used during registration. Go to your Sporcle Settings to finish the process.

Report this User

Report this user for behavior that violates our Community Guidelines.

Details: